000 00552nam a2200169 4500
001 145472
003 ES-MaACL
005 20230906201235.0
007 t|
008 070214s1965 sp r ||||1| spa d
100 1 _aSpiazzi, Raimondo.
_9107711
245 1 0 _aPequeña teología de la caridad /
_cRaimondo Spiazzi ; versión española por los teólogos franciscanos de Arauzazu.
260 _aMadrid :
_bStudium,
_c1965.
300 _a188 p. ;
_c19 cm.
710 2 _aTeólogos Franciscanos de Arauzazu.
_96940
852 _aES-MaACL
_jC-28214
_bR.57566
999 _c145472
_d145472